000 00755cam a2200253 a 4500
001 2134946
005 20180224030106.0
008 970626s1997 nyua b 001 0 eng d
010 _a 97183209
020 _a0415913659
035 _a(OCoLC)37201510
040 _aTxDN
_cTxDN
_dDLC
041 _aeng
042 _alccopycat
080 _a305.3
082 0 0 _a305.3 OLI
_221
100 1 _a50
101 _aSOC
245 1 0 _aFamily values :
_cKelly Oliver.
504 _aIncludes bibliographical references (p. 244-251) and index.
906 _a7
_bcbc
_ccopycat
_du
_encip
_f19
_gy-gencatlg
942 _2ddc
_cBK
999 _c43346
_d43346